In the orchard, the swallows / (Record no. 3826)
[ view plain ]
| 000 -LEADER | |
|---|---|
| fixed length control field | 00441cam a2200157 4500 |
| 001 - CONTROL NUMBER | |
| control field | 4613 |
| 005 - DATE AND TIME OF LATEST TRANSACTION | |
| control field | 20181127173804.0 |
| 008 - FIXED-LENGTH DATA ELEMENTS--GENERAL INFORMATION | |
| fixed length control field | 120126s2012 enkc 000 f eng |
| 010 ## - LIBRARY OF CONGRESS CONTROL NUMBER | |
| LC control number | 2012358425 |
| 020 ## - INTERNATIONAL STANDARD BOOK NUMBER | |
| International Standard Book Number | 9780571279272 (pbk.) |
| 100 1# - MAIN ENTRY--PERSONAL NAME | |
| Personal name | Hobbs, Peter, |
| Dates associated with a name | 1973- |
| 245 10 - TITLE STATEMENT | |
| Title | In the orchard, the swallows / |
| Statement of responsibility, etc. | Peter Hobbs. |
| 260 ## - PUBLICATION, DISTRIBUTION, ETC. | |
| Place of publication, distribution, etc. | London : |
| Name of publisher, distributor, etc. | Faber and Faber, |
| Date of publication, distribution, etc. | 2012. |
| 300 ## - PHYSICAL DESCRIPTION | |
| Extent | 139 p. : |
| Other physical details | port. ; |
| Dimensions | 22 cm. |
| 651 #0 - SUBJECT ADDED ENTRY--GEOGRAPHIC NAME | |
| Geographic name | Pakistan |
| Form subdivision | Fiction. |
| Withdrawn status | Lost status | Source of classification or shelving scheme | Damaged status | Not for loan | Collection code | Home library | Current library | Shelving location | Date acquired | Serial Enumeration / chronology | Inventory number | Total Checkouts | Total Renewals | Full call number | Barcode | Date last seen | Date last checked out | Price effective from | Koha item type |
|---|---|---|---|---|---|---|---|---|---|---|---|---|---|---|---|---|---|---|---|
| Dewey Decimal Classification | Fiction | RTC Library | RTC Library | Fiction | 26/02/2021 | 7319 | 7 | 1 | FIC 813.54 HOB | 30007281 | 14/08/2025 | 01/08/2025 | 27/11/2018 | Fiction |